| 000 | 00830nam a2200253 i 4500 | ||
|---|---|---|---|
| 001 | 000038104 | ||
| 003 | DO-SdBNP | ||
| 005 | 20240116132624.0 | ||
| 007 | ta | ||
| 008 | 110427s1940 dr 000 0 spa d | ||
| 040 |
_aDO-SdBNP _bspa _cBNPHU _erda |
||
| 082 |
_222 _bU588v |
||
| 110 |
_984770 _aUniversidad de Santo Domingo. _bFacultad de Medicina |
||
| 245 | 1 | _aEl vómito apomorfinico como medio de investigación del quimismo gastrico | |
| 264 |
_aSanto Domingo : _bMontalvo, _c1940 |
||
| 300 |
_a52 paginas ; _c23 cm. |
||
| 336 |
_2rdacontent _atexto _btxt |
||
| 337 |
_2rdamedia _asin mediación _bn |
||
| 338 |
_2rdacarrier _avolumen _bnc |
||
| 500 | _aTesis para el doctorado, sustentada por Vittorio Ortori Díaz, año académico de 1940-1941 | ||
| 590 | _aInventariado, 2024/ DG | ||
| 910 | _aDG | ||
| 942 |
_2ddc _cLBS1 |
||
| 999 |
_c55689 _d55689 |
||